| 000 | 00777nam a22002297a 4500 | ||
|---|---|---|---|
| 999 |
_c525451 _d525451 |
||
| 003 | NUST | ||
| 005 | 20190702070025.0 | ||
| 008 | 190702b ||||| |||| 00| 0 eng d | ||
| 038 | _aIESE | ||
| 040 | _c0 | ||
| 050 | _a363.7 ZAF | ||
| 082 | _a363.7 ZAF | ||
| 100 |
_aMaimoon Zafar _916334 |
||
| 245 | _aMicrobial degradation of sulfamethoxazole and evaluation of biotoxicity potential in fish | ||
| 260 |
_aIslamabad _bIESE (SCEE) NUST _c2019 |
||
| 300 |
_a97p. _bH.B |
||
| 440 |
_aMS Environmental Science _91724 |
||
| 500 | _aThesis MS ES | ||
| 650 |
_aEnvironmental Science _91725 |
||
| 700 | _4Dr. Imran Hashmi (Supervisor) | ||
| 942 |
_2ddc _cTHE _kIESE |
||